000 00796nam a22002297a 4500
005 20170124110038.0
010 _aA-542878
020 _c00.00
035 _aA-542878
037 _bCen Lib/Ret
040 _aDPL
_bEN
082 _a338.954
_bCHA
100 _aChandran E.
_9102032
245 _a8th five year plan :
_cby E. Chandran
_bplanning process & a critical evaluation of the eight five year paln 1992-97 /
246 _aeight five year plan
_bplanning process & a critical evaluation of the eight five year paln 1992-97 /
260 _aNew Delhi
_bCosmos Bookhive
270 _aCB-349, Ring road Naraina
_bNew Delhi
_e110028
300 _a179p.
_c19cm(Hb)
650 _aFive year plan
_923204
650 _aEconomics
_9102033
942 _2ddc
_cEN
_h338.954
_mCHA
999 _c128374
_d128374